Women reading the world : (Record no. 3124)
[ view plain ]
| 000 -LEADER | |
|---|---|
| fixed length control field | 01280cam a2200361 a 4500 |
| 001 - CONTROL NUMBER | |
| control field | 11927689 |
| 003 - CONTROL NUMBER IDENTIFIER | |
| control field | OSt |
| 005 - DATE AND TIME OF LATEST TRANSACTION | |
| control field | 20200213105346.0 |
| 008 - FIXED-LENGTH DATA ELEMENTS--GENERAL INFORMATION | |
| fixed length control field | 970618s1996 gw a b i000 0 eng d |
| 010 ## - LIBRARY OF CONGRESS CONTROL NUMBER | |
| LC control number | 00275848 |
| 020 ## - INTERNATIONAL STANDARD BOOK NUMBER | |
| Canceled/invalid ISBN | 9292082010694 |
| 035 ## - SYSTEM CONTROL NUMBER | |
| System control number | (OCoLC)ocm37145472 |
| 040 ## - CATALOGING SOURCE | |
| Original cataloging agency | EYW |
| Transcribing agency | EYW |
| Modifying agency | DLC |
| 042 ## - AUTHENTICATION CODE | |
| Authentication code | lccopycat |
| 043 ## - GEOGRAPHIC AREA CODE | |
| Geographic area code | a------ |
| 050 00 - LIBRARY OF CONGRESS CALL NUMBER | |
| Classification number | LC157.A2 |
| Item number | W64 1996 |
| 082 ## - DEWEY DECIMAL CLASSIFICATION NUMBER | |
| Classification number | 305.4 |
| Item number | WOM 1996 |
| 245 00 - TITLE STATEMENT | |
| Title | Women reading the world : |
| Remainder of title | policies and practices of literacy in Asia / |
| Statement of responsibility, etc. | edited by Carolyn Medel-Anonuevo. |
| 246 30 - VARYING FORM OF TITLE | |
| Title proper/short title | Policies and practices of literacy in Asia |
| 260 ## - PUBLICATION, DISTRIBUTION, ETC. (IMPRINT) | |
| Place of publication, distribution, etc. | Hamburg : |
| Name of publisher, distributor, etc. | Unesco Institute for Education, |
| Date of publication, distribution, etc. | 1996. |
| 300 ## - PHYSICAL DESCRIPTION | |
| Extent | 134 p. : |
| Other physical details | ill. ; |
| Dimensions | 30 cm. |
| 490 1# - SERIES STATEMENT | |
| Series statement | UIE studies ; |
| Volume/sequential designation | 6 |
| 504 ## - BIBLIOGRAPHY, ETC. NOTE | |
| Bibliography, etc | Includes bibliographical references. |
| 650 #0 - SUBJECT ADDED ENTRY--TOPICAL TERM | |
| Topical term or geographic name as entry element | Literacy |
| Geographic subdivision | Asia. |
| 9 (RLIN) | 6935 |
| 650 #0 - SUBJECT ADDED ENTRY--TOPICAL TERM | |
| Topical term or geographic name as entry element | Literacy programs |
| Geographic subdivision | Asia. |
| 9 (RLIN) | 6936 |
| 650 #0 - SUBJECT ADDED ENTRY--TOPICAL TERM | |
| Topical term or geographic name as entry element | Women |
| General subdivision | Education |
| Geographic subdivision | Asia. |
| 9 (RLIN) | 6937 |
| 700 1# - ADDED ENTRY--PERSONAL NAME | |
| Personal name | Medel-Anonuevo, Carolyn. |
| 9 (RLIN) | 6938 |
| 710 2# - ADDED ENTRY--CORPORATE NAME | |
| Corporate name or jurisdiction name as entry element | Unesco Institute for Education. |
| 9 (RLIN) | 6939 |
| 830 #0 - SERIES ADDED ENTRY--UNIFORM TITLE | |
| Uniform title | Etudes de l'IUE ; |
| Volume number/sequential designation | 6. |
| 9 (RLIN) | 6940 |
| 906 ## - LOCAL DATA ELEMENT F, LDF (RLIN) | |
| a | 7 |
| b | cbc |
| c | copycat |
| d | 3 |
| e | ncip |
| f | 20 |
| g | y-gencatlg |
| 942 ## - ADDED ENTRY ELEMENTS (KOHA) | |
| Source of classification or shelving scheme | Dewey Decimal Classification |
| Koha item type | Short Loan |
| Withdrawn status | Lost status | Source of classification or shelving scheme | Damaged status | Not for loan | Home library | Current library | Date acquired | Inventory number | Total Checkouts | Full call number | Barcode | Date last seen | Price effective from | Koha item type | Source of acquisition |
|---|---|---|---|---|---|---|---|---|---|---|---|---|---|---|---|
| Dewey Decimal Classification | MUST Main Library | MUST Main Library | 01/03/2016 | 16775 | 305.4 WOM 1996 | 2016-0282 | 01/03/2016 | 01/03/2016 | Short Loan | ||||||
| Dewey Decimal Classification | MUST Main Library | MUST Main Library | 01/03/2016 | 16776 | 305.4 WOM 1996 | 2016-0283 | 01/03/2016 | 01/03/2016 | Short Loan | ||||||
| Dewey Decimal Classification | MUST Main Library | MUST Main Library | 01/03/2016 | 16777 | 305.4 WOM 1996 | 2016-0284 | 01/03/2016 | 01/03/2016 | Short Loan | ||||||
| Dewey Decimal Classification | MUST Main Library | MUST Main Library | 13/02/2020 | 16774 | 305.4 WOM 1996 | 2020-0467 | 13/02/2020 | 13/02/2020 | Open Shelf | Donation |
